Սովետական Միության հերոս կապիտան Ն.Գ. Ստեփանյան / (Record no. 508839)
[ view plain ]
| 000 -LEADER | |
|---|---|
| fixed length control field | 01070nam a2200253 a 4500 |
| 001 - CONTROL NUMBER | |
| control field | 000227289 |
| 003 - CONTROL NUMBER IDENTIFIER | |
| control field | AM-YEHGA |
| 005 - DATE AND TIME OF LATEST TRANSACTION | |
| control field | 20250618075913.0 |
| 008 - FIXED-LENGTH DATA ELEMENTS--GENERAL INFORMATION | |
| fixed length control field | 030521s1943 ai |||||r|||||||||0|arm|d |
| 040 ## - CATALOGING SOURCE | |
| Original cataloging agency | AM-YeHGA |
| 041 0# - LANGUAGE CODE | |
| Language code of text/sound track or separate title | arm |
| 090 ## - LOCALLY ASSIGNED LC-TYPE CALL NUMBER (OCLC); LOCAL CALL NUMBER (RLIN) | |
| -- | 512287 |
| 100 1# - MAIN ENTRY--PERSONAL NAME | |
| Personal name | Զարյան, Նաիրի Եղիազարի, |
| Dates associated with a name | 1900-1969 |
| 9 (RLIN) | 1692 |
| 245 10 - TITLE STATEMENT | |
| Title | Սովետական Միության հերոս կապիտան Ն.Գ. Ստեփանյան / |
| Statement of responsibility, etc. | Նաիրի Զարյան. |
| 260 ## - PUBLICATION, DISTRIBUTION, ETC. | |
| Place of publication, distribution, etc. | Երևան : |
| Name of publisher, distributor, etc. | Ա. հ., |
| Date of publication, distribution, etc. | 1943. |
| 300 ## - PHYSICAL DESCRIPTION | |
| Extent | 48 էջ ; |
| Dimensions | 14 սմ. |
| 490 1# - SERIES STATEMENT | |
| Series statement | Հայաստանի զավակների մարտական սխրագործությունները / Խմբ.` Հ. Օրբելի |
| 600 14 - SUBJECT ADDED ENTRY--PERSONAL NAME | |
| Personal name | Ստեփանյան, Նելսոն |
| 650 14 - SUBJECT ADDED ENTRY--TOPICAL TERM | |
| Topical term or geographic name entry element | Հայրենական Մեծ պատերազմ |
| 9 (RLIN) | 887 |
| 650 14 - SUBJECT ADDED ENTRY--TOPICAL TERM | |
| Topical term or geographic name entry element | Սովետական Միության հերոսներ |
| 700 1# - ADDED ENTRY--PERSONAL NAME | |
| Personal name | Օրբելի, Հովսեփ Աբգարի, |
| Dates associated with a name | 1887-1961 |
| 9 (RLIN) | 1599 |
| 830 #0 - SERIES ADDED ENTRY--UNIFORM TITLE | |
| Uniform title | Հայաստանի զավակների մարտական սխրագործությունները |
| 942 ## - ADDED ENTRY ELEMENTS (KOHA) | |
| Source of classification or shelving scheme | Universal Decimal Classification |
| Koha item type | Գրքեր / Books |
| Withdrawn status | Lost status | Source of classification or shelving scheme | Damaged status | Not for loan | Collection | Home library | Current library | Date acquired | Total checkouts | Full call number | Barcode | Date last seen | Price effective from | Koha item type | Public note |
|---|---|---|---|---|---|---|---|---|---|---|---|---|---|---|---|
| Universal Decimal Classification | Kusikian Individual Collection | Fundamental Scientific Library | Fundamental Scientific Library | 07/05/2021 | Կուս/2774 | FL0638987 | 07/05/2021 | 07/05/2021 | Գրքեր / Books | ILL Non Circ. |
ՀՀ Գիտությունների ազգային ակադեմիայի հիմնարար գիտական գրադարան = Fundamental Scientific Library of NAS RA
All site content, except where otherwise noted, is licensed under a